Normas e atos jurd̕icos inconstitucionais

Bibliographic Details
Main Author: Pinheiro, Victor Marcel
Format: eBook
Language:Portuguese
Published: San Pablo: Novas Ediė̳s Acadm̊icas, 2019
Subjects:
Online Access:Acceso restringido

MARC

LEADER 00000nam a22000007a 4500
005 20190912212756.0
007 cr|||| ||||
008 190912s2019 br |||||s|||| 00||0 por d
020 |a 9786139752249 
035 |a 24945 
040 |a vLex 
090 |c 9501  |d 9501 
100 1 |a Pinheiro, Victor Marcel 
245 1 0 |a Normas e atos jurd̕icos inconstitucionais  |h [Recurso electrn̤ico] /  |c Victor Marcel Pinheiro 
256 |a Servicio en ln̕ea 
260 |a San Pablo:  |b Novas Ediė̳s Acadm̊icas,  |c 2019 
300 |a 1 recurso electrn̤ico 
506 1 |a Disponible solo en los productos indicados  |d vLex Global  |d vLex Global (Academic Edition, excluding Law Schools)  |d vLex Global (U.S. Academic Edition, Law Schools)  |d vLex Global (U.S. Academic Edition, excluding Law Schools)  |d vLex Global (Academic Edition, Law Schools) 
650 0 4 |a Derecho Pb︢lico y Administrativo  |z Brasil 
740 0 |a vLex Libros (Servicio en ln̕ea) 
856 4 0 |u http://vlex.com/source/24945  |z Acceso restringido 
942 |c BOOK 
999 0 |a Public and Administrative Law